Global consumer culture
Teoretické základy voľby komunikačnej stratégie pre medzinárodné trhy. V dôsledku prehlbujúcich sa globalizačných tendencií a súčasným odporom politickým, náboženským ale aj spotrebiteľov voči tomuto javu, sa stále naliehavejšie kladie otázka pre odborníkov v marketingu a reklame, či pri oslovení sv...
Uložené v:
| Hlavný autor: | |
|---|---|
| Médium: | Kapitola |
| Jazyk: | English |
| Predmet: | |
| Tagy: |
Žiadne tagy, Buďte prvý, kto otaguje tento záznam!
|
MARC
| LEADER | 00000nla a2200000 4500 | ||
|---|---|---|---|
| 001 | 0240891 | ||
| 005 | 20240417075132.4 | ||
| 041 | 0 | |a eng | |
| 044 | |a SK | ||
| 245 | 1 | 0 | |a Global consumer culture |c Jaroslav Světlík |
| 520 | |a Teoretické základy voľby komunikačnej stratégie pre medzinárodné trhy. V dôsledku prehlbujúcich sa globalizačných tendencií a súčasným odporom politickým, náboženským ale aj spotrebiteľov voči tomuto javu, sa stále naliehavejšie kladie otázka pre odborníkov v marketingu a reklame, či pri oslovení svetových trhov voliť stratégiu globalizácie, adaptácie či lokalizácie. Aj keď v súčasnosti aj veľké nadnárodné korporácie sa začínajú prikláňať k druhým dvom stratégiám (a to napriek tomu, že sú drahé), nie je možné opomenúť aj komunikačné štandardizačnej kampane. Základ týchto stratégií z teórie globálnej kultúry resp. globálnej spotrebnej kultúry, positioningu globálnej spotrebnej kultúry a analýza komunikácie globálnych značiek. | ||
| 610 | 2 | 0 | |a stratégia marketingová |
| 610 | 2 | 0 | |a nástroje marketingové |
| 610 | 2 | 0 | |a komunikácia marketingová |
| 610 | 2 | 0 | |a komunikácia masmediálna |
| 610 | 2 | 0 | |a trh medzinárodný |
| 610 | 2 | 0 | |a kultúra |
| 610 | 2 | 0 | |a zvyklosti kultúrne |
| 610 | 2 | 0 | |a značky |
| 100 | 1 | |a Světlík, Jaroslav | |